| 000 | 00850 a2200157 4500 | ||
|---|---|---|---|
| 003 | Nust | ||
| 005 | 20230314100246.0 | ||
| 040 | _cNust | ||
| 082 | _a364.1649,BOK | ||
| 100 |
_aBok _9110222 |
||
| 245 | _aPiracies / | ||
| 260 |
_aLondon _bHerbert Jenkis Limited _c1938 |
||
| 300 | _a282 pges | ||
| 505 | _aThe Dream (Page-9), Stratagems (Page-31), The City of nine Dragons (Page-34), Sailing Day (Page-51), Pirate Gold (Page-80), A Celestial Tenderizing (Page-97), Lead for Gold (Page-106), The Signal Station (Page-121), Dogs of the Law (Page-123), Lading the Loot (Page-132), Again to Business (Page-143), Fire on the High Seas (Page-156), Intimation (Page-189), The Patrol (Page-207), Disappointment and a Narrow Escape (Page-212), When thieves Fall Out (Page-243), Enter Delilah (Page-261), The End of the Dream (Page-277). | ||
| 942 |
_2ddc _cBK |
||
| 999 |
_c193917 _d193917 |
||